2022/23 Liverpool 7-0 Manchester United XI's - Statistics

General Stats
  • This quiz has been taken 16 times
  • The average score is 17 of 22
Answer Stats
Answer % Correct
1 Alisson
100%
26 Andrew Robertson
100%
11 Mohamed Salah
100%
4 Virgil Van Dijk
100%
66 Alexander-Arnold
93%
1 David De Gea
93%
18 Cody Gakpo
87%
27 Darwin Nunez
87%
5 Ibrahima Konate
87%
14 Jordan Henderson
87%
8 Bruno Fernandes
80%
3 Fabinho
80%
23 Luke Shaw
73%
19 Harvey Elliott
67%
6 Lisandro Martinez
67%
18 Casemiro
60%
20 Diogo Dalot
60%
10 Marcus Rashford
60%
21 Antony
47%
19 Raphael Varane
47%
17 Fred
40%
27 Wout Weghorst
40%
No matching quizzes found
Score Distribution
Percent of People with Each Score
Percentile by Number Answered
Your Score History
You have not taken this quiz